|
|
|
|
| LEADER |
00600nta a2200157 i 4500 |
| 001 |
dipl42979 |
| 005 |
20140721151923.0 |
| 008 |
140721s2003 hu om 0|| zxx d |
| 040 |
|
|
|a SZTE Diploma Repozitórium
|b hun
|
| 041 |
|
|
|a zxx
|
| 100 |
1 |
|
|a Dóczy Antónia
|
| 245 |
1 |
0 |
|a "...vitt valami bűvös hatalom a zenének láthatatlan szárnyain..." - Justh Zsigmond és a zene.
|h [elektronikus dokumentum] /
|c Antónia Dóczy
|
| 260 |
|
|
|c 2003
|
| 650 |
|
4 |
|a Bölcsészettudományok
|
| 700 |
1 |
|
|a Baranyai Zsolt
|e ths
|
| 856 |
4 |
0 |
|u http://diploma.bibl.u-szeged.hu/id/eprint/42979/1/2003_doczy_antonia.pdf
|z Dokumentum-elérés
|